000 nam a22 7a 4500
999 _c9271
_d9271
008 180125b ||||| |||| 00| 0 eng d
100 _aRam S K
_95527
245 _aRead for Pleasure
260 _aNew Delhi
_bNCERT
_c1980